Statistics for Metallica Albums Quiz

Click here to take the quiz!

General Stats

  • This quiz has been taken 58 times
  • The average score is 11 of 14

Answer Stats

HintAnswer% Correct
1988…And Justice For All
98%
1983Kill ‘Em All
98%
1984Ride The Lightning
98%
1991Metallica
93%
1996Load
91%
1986Master Of Puppets
91%
1997ReLoad
91%
202372 Seasons
85%
2003St. Anger
85%
2016Hardwired… To Self Destruct
83%
2008Death Magnetic
78%
1998Garage… Inc.
78%
2011Lulu
67%
1987Garage Days Re-Revisited
11%

Score Distribution

Percentile by Number Answered

Percent of People with Each Score

Your Score History

You have not taken this quiz